<?xml version="1.0" encoding="UTF-8"?>
<record
    xmlns:xsi="http://www.w3.org/2001/XMLSchema-instance"
    xsi:schemaLocation="http://www.loc.gov/MARC21/slim http://www.loc.gov/standards/marcxml/schema/MARC21slim.xsd"
    xmlns="http://www.loc.gov/MARC21/slim">

  <leader>00339nam a2200145Ia 4500</leader>
  <controlfield tag="008">191201s2012    xx            000 0 und d</controlfield>
  <datafield tag="082" ind1=" " ind2=" ">
    <subfield code="a">620.1</subfield>
    <subfield code="b">GEM</subfield>
  </datafield>
  <datafield tag="100" ind1=" " ind2=" ">
    <subfield code="a">GERE,James M</subfield>
  </datafield>
  <datafield tag="245" ind1=" " ind2="0">
    <subfield code="a">Mechanics of Materials</subfield>
  </datafield>
  <datafield tag="250" ind1=" " ind2=" ">
    <subfield code="a">Rep</subfield>
  </datafield>
  <datafield tag="260" ind1=" " ind2=" ">
    <subfield code="a">N. Delhi</subfield>
    <subfield code="b">CBS Publishers</subfield>
    <subfield code="c">2012</subfield>
  </datafield>
  <datafield tag="300" ind1=" " ind2=" ">
    <subfield code="a">762</subfield>
  </datafield>
  <datafield tag="650" ind1=" " ind2=" ">
    <subfield code="a">B.Tech(ME)</subfield>
  </datafield>
  <datafield tag="942" ind1=" " ind2=" ">
    <subfield code="2">ddc</subfield>
    <subfield code="c">BK</subfield>
  </datafield>
  <datafield tag="999" ind1=" " ind2=" ">
    <subfield code="c">5613</subfield>
    <subfield code="d">5613</subfield>
  </datafield>
  <datafield tag="952" ind1=" " ind2=" ">
    <subfield code="0">0</subfield>
    <subfield code="1">0</subfield>
    <subfield code="2">ddc</subfield>
    <subfield code="4">0</subfield>
    <subfield code="7">0</subfield>
    <subfield code="8">BTECHME</subfield>
    <subfield code="a">PIET</subfield>
    <subfield code="b">PIET</subfield>
    <subfield code="d">2013-05-08</subfield>
    <subfield code="e">IBH, New Delhi</subfield>
    <subfield code="g">375.00</subfield>
    <subfield code="k">1014</subfield>
    <subfield code="l">0</subfield>
    <subfield code="o">620.1 GEM</subfield>
    <subfield code="p">21663</subfield>
    <subfield code="r">2019-12-04 00:00:00</subfield>
    <subfield code="w">2013-05-06</subfield>
    <subfield code="y">BK</subfield>
  </datafield>
  <datafield tag="952" ind1=" " ind2=" ">
    <subfield code="0">0</subfield>
    <subfield code="1">0</subfield>
    <subfield code="2">ddc</subfield>
    <subfield code="4">0</subfield>
    <subfield code="7">0</subfield>
    <subfield code="8">BTECHME</subfield>
    <subfield code="a">PIET</subfield>
    <subfield code="b">PIET</subfield>
    <subfield code="d">2013-05-08</subfield>
    <subfield code="e">IBH, New Delhi</subfield>
    <subfield code="g">375.00</subfield>
    <subfield code="k">1014</subfield>
    <subfield code="l">0</subfield>
    <subfield code="o">620.1 GEM</subfield>
    <subfield code="p">21664</subfield>
    <subfield code="r">2019-12-04 00:00:00</subfield>
    <subfield code="w">2013-05-06</subfield>
    <subfield code="y">BK</subfield>
  </datafield>
  <datafield tag="952" ind1=" " ind2=" ">
    <subfield code="0">0</subfield>
    <subfield code="1">0</subfield>
    <subfield code="2">ddc</subfield>
    <subfield code="4">0</subfield>
    <subfield code="7">0</subfield>
    <subfield code="8">BTECHME</subfield>
    <subfield code="a">PIET</subfield>
    <subfield code="b">PIET</subfield>
    <subfield code="d">2013-05-08</subfield>
    <subfield code="e">IBH, New Delhi</subfield>
    <subfield code="g">375.00</subfield>
    <subfield code="k">1014</subfield>
    <subfield code="l">1</subfield>
    <subfield code="o">620.1 GEM</subfield>
    <subfield code="p">21665</subfield>
    <subfield code="r">2021-11-30 00:00:00</subfield>
    <subfield code="s">2021-11-29</subfield>
    <subfield code="w">2013-05-06</subfield>
    <subfield code="y">BK</subfield>
  </datafield>
  <datafield tag="952" ind1=" " ind2=" ">
    <subfield code="0">0</subfield>
    <subfield code="1">0</subfield>
    <subfield code="2">ddc</subfield>
    <subfield code="4">0</subfield>
    <subfield code="7">0</subfield>
    <subfield code="8">BTECHME</subfield>
    <subfield code="a">PIET</subfield>
    <subfield code="b">PIET</subfield>
    <subfield code="d">2013-05-08</subfield>
    <subfield code="e">IBH, New Delhi</subfield>
    <subfield code="g">375.00</subfield>
    <subfield code="k">1014</subfield>
    <subfield code="l">0</subfield>
    <subfield code="o">620.1 GEM</subfield>
    <subfield code="p">21666</subfield>
    <subfield code="r">2019-12-04 00:00:00</subfield>
    <subfield code="w">2013-05-06</subfield>
    <subfield code="y">BK</subfield>
  </datafield>
  <datafield tag="952" ind1=" " ind2=" ">
    <subfield code="0">0</subfield>
    <subfield code="1">0</subfield>
    <subfield code="2">ddc</subfield>
    <subfield code="4">0</subfield>
    <subfield code="7">0</subfield>
    <subfield code="8">BTECHME</subfield>
    <subfield code="a">PIET</subfield>
    <subfield code="b">PIET</subfield>
    <subfield code="d">2013-05-08</subfield>
    <subfield code="e">IBH, New Delhi</subfield>
    <subfield code="g">375.00</subfield>
    <subfield code="k">1014</subfield>
    <subfield code="l">0</subfield>
    <subfield code="o">620.1 GEM</subfield>
    <subfield code="p">21667</subfield>
    <subfield code="r">2019-12-04 00:00:00</subfield>
    <subfield code="w">2013-05-06</subfield>
    <subfield code="y">BK</subfield>
  </datafield>
  <datafield tag="952" ind1=" " ind2=" ">
    <subfield code="0">0</subfield>
    <subfield code="1">0</subfield>
    <subfield code="2">ddc</subfield>
    <subfield code="4">0</subfield>
    <subfield code="7">0</subfield>
    <subfield code="8">BTECHME</subfield>
    <subfield code="a">PIET</subfield>
    <subfield code="b">PIET</subfield>
    <subfield code="d">2013-05-15</subfield>
    <subfield code="e">IBH, New Delhi</subfield>
    <subfield code="g">599.00</subfield>
    <subfield code="k">1341</subfield>
    <subfield code="l">0</subfield>
    <subfield code="o">620.1 GEM</subfield>
    <subfield code="p">22294</subfield>
    <subfield code="r">2019-12-04 00:00:00</subfield>
    <subfield code="w">2013-05-11</subfield>
    <subfield code="y">BK</subfield>
  </datafield>
  <datafield tag="952" ind1=" " ind2=" ">
    <subfield code="0">0</subfield>
    <subfield code="1">0</subfield>
    <subfield code="2">ddc</subfield>
    <subfield code="4">0</subfield>
    <subfield code="7">0</subfield>
    <subfield code="8">BTECHME</subfield>
    <subfield code="a">PIET</subfield>
    <subfield code="b">PIET</subfield>
    <subfield code="d">2013-05-15</subfield>
    <subfield code="e">IBH, New Delhi</subfield>
    <subfield code="g">599.00</subfield>
    <subfield code="k">1341</subfield>
    <subfield code="l">0</subfield>
    <subfield code="o">620.1 GEM</subfield>
    <subfield code="p">22295</subfield>
    <subfield code="r">2019-12-04 00:00:00</subfield>
    <subfield code="w">2013-05-11</subfield>
    <subfield code="y">BK</subfield>
  </datafield>
  <datafield tag="952" ind1=" " ind2=" ">
    <subfield code="0">0</subfield>
    <subfield code="1">0</subfield>
    <subfield code="2">ddc</subfield>
    <subfield code="4">0</subfield>
    <subfield code="7">0</subfield>
    <subfield code="8">BTECHME</subfield>
    <subfield code="a">PIET</subfield>
    <subfield code="b">PIET</subfield>
    <subfield code="d">2013-05-15</subfield>
    <subfield code="e">IBH, New Delhi</subfield>
    <subfield code="g">599.00</subfield>
    <subfield code="k">1341</subfield>
    <subfield code="l">0</subfield>
    <subfield code="o">620.1 GEM</subfield>
    <subfield code="p">22296</subfield>
    <subfield code="r">2019-12-04 00:00:00</subfield>
    <subfield code="w">2013-05-11</subfield>
    <subfield code="y">BK</subfield>
  </datafield>
  <datafield tag="952" ind1=" " ind2=" ">
    <subfield code="0">0</subfield>
    <subfield code="1">0</subfield>
    <subfield code="2">ddc</subfield>
    <subfield code="4">0</subfield>
    <subfield code="7">0</subfield>
    <subfield code="8">BTECHCE</subfield>
    <subfield code="a">PIET</subfield>
    <subfield code="b">PIET</subfield>
    <subfield code="d">2014-03-18</subfield>
    <subfield code="e">IBH, New Delhi</subfield>
    <subfield code="g">410.00</subfield>
    <subfield code="k">22792</subfield>
    <subfield code="l">0</subfield>
    <subfield code="o">620.1 GEM</subfield>
    <subfield code="p">23394</subfield>
    <subfield code="r">2019-12-04 00:00:00</subfield>
    <subfield code="v">267.65</subfield>
    <subfield code="w">2014-03-08</subfield>
    <subfield code="y">BK</subfield>
  </datafield>
  <datafield tag="952" ind1=" " ind2=" ">
    <subfield code="0">0</subfield>
    <subfield code="1">0</subfield>
    <subfield code="2">ddc</subfield>
    <subfield code="4">0</subfield>
    <subfield code="7">0</subfield>
    <subfield code="8">BTECHCE</subfield>
    <subfield code="a">PIET</subfield>
    <subfield code="b">PIET</subfield>
    <subfield code="d">2014-03-18</subfield>
    <subfield code="e">IBH, New Delhi</subfield>
    <subfield code="g">410.00</subfield>
    <subfield code="k">22792</subfield>
    <subfield code="l">0</subfield>
    <subfield code="o">620.1 GEM</subfield>
    <subfield code="p">23395</subfield>
    <subfield code="r">2019-12-04 00:00:00</subfield>
    <subfield code="v">267.65</subfield>
    <subfield code="w">2014-03-08</subfield>
    <subfield code="y">BK</subfield>
  </datafield>
  <datafield tag="952" ind1=" " ind2=" ">
    <subfield code="0">0</subfield>
    <subfield code="1">0</subfield>
    <subfield code="2">ddc</subfield>
    <subfield code="4">0</subfield>
    <subfield code="7">0</subfield>
    <subfield code="8">BTECHCE</subfield>
    <subfield code="a">PIET</subfield>
    <subfield code="b">PIET</subfield>
    <subfield code="d">2014-03-18</subfield>
    <subfield code="e">IBH, New Delhi</subfield>
    <subfield code="g">410.00</subfield>
    <subfield code="k">22792</subfield>
    <subfield code="l">0</subfield>
    <subfield code="o">620.1 GEM</subfield>
    <subfield code="p">23396</subfield>
    <subfield code="r">2019-12-04 00:00:00</subfield>
    <subfield code="v">267.65</subfield>
    <subfield code="w">2014-03-08</subfield>
    <subfield code="y">BK</subfield>
  </datafield>
</record>
